Largest Railway stations in the Netherlands - Statistics

General Stats
  • This quiz has been taken 499 times
  • The average score is 47 of 100
Answer Stats
Nr. Number of passengers Answer % Correct
2 184.614 Amsterdam Centraal
100%
3 92.928 Rotterdam Centraal
99%
1 186.313 Utrecht Centraal
97%
4 87.107 Den Haag Centraal
94%
7 62.919 Eindhoven
92%
33 17.937 Groningen
92%
46 11.649 Maastricht
88%
18 34.414 Breda
83%
13 42.987 Arnhem Centraal
81%
17 34.531 Tilburg
81%
11 45.507 Zwolle
81%
12 44.705 Nijmegen
80%
10 45.937 's-Hertogenbosch
80%
6 77.703 Leiden Centraal
78%
23 25.888 Almere Centrum
77%
35 17.558 Enschede
76%
15 41.166 Haarlem
76%
14 42.604 Amersfoort
75%
52 9.822 Leeuwarden
75%
29 20.951 Alkmaar
73%
39 14.153 Lelystad Centrum
72%
5 85.859 Schiphol Airport
71%
16 35.454 Delft
68%
25 23.139 Gouda
66%
8 54.706 Amsterdam Zuid
65%
37 15.034 Apeldoorn
65%
57 8.323 Assen
64%
48 10.860 Almelo
62%
24 24.351 Dordrecht
61%
43 12.921 Hengelo
61%
30 20.785 Deventer
60%
20 31.688 Amsterdam Amstel
59%
9 54.330 Amsterdam Sloterdijk
59%
50 10.400 Roosendaal
59%
19 32.956 Den Haag HS
58%
99 4.559 Middelburg
58%
21 26.427 Amsterdam Bijlmer ArenA
56%
22 25.922 Hilversum
56%
28 21.643 Zaandam
55%
47 11.482 Roermond
53%
49 10.698 Sittard
53%
100 4.546 Heerlen
52%
41 13.718 Hoorn
51%
58 8.247 Oss
50%
78 6.185 Heerenveen
49%
69 6.967 Bergen op Zoom
47%
34 17.893 Ede-Wageningen
47%
26 22.548 Rotterdam Blaak
46%
32 17.938 Rotterdam Alexander
45%
89 5.205 Zoetermeer
45%
64 7.345 Helmond
43%
80 5.989 Meppel
43%
44 12.872 Woerden
43%
45 11.936 Zutphen
43%
51 10.286 Alphen aan den Rijn
41%
67 7.187 Goes
41%
60 8.084 Weert
38%
36 15.751 Den Haag Laan van NOI
37%
31 17.991 Hoofddorp
36%
79 6.179 Amsterdam RAI
35%
42 13.063 Duivendrecht
35%
81 5.881 Harderwijk
34%
65 7.314 Almere Buiten
31%
61 7.905 Houten
31%
59 8.199 Utrecht Overvecht
30%
38 14.915 Amsterdam Lelylaan
29%
54 9.321 Driebergen-Zeist
29%
75 6.321 Geldermalsen
29%
95 4.674 Hoogeveen
29%
40 13.887 Amsterdam Muiderpoort
28%
53 9.729 Weesp
28%
97 4.605 Baarn
27%
82 5.726 Best
27%
74 6.400 Almere Muziekwijk
26%
73 6.412 Amersfoort Schothorst
26%
70 6.887 Boxtel
26%
27 21.654 Schiedam Centrum
25%
92 5.119 Uitgeest
25%
63 7.364 Castricum
24%
84 5.484 Barendrecht
23%
62 7.401 Heerhugowaard
23%
68 7.009 Rijswijk
23%
72 6.451 Tilburg Universiteit
22%
85 5.449 Breukelen
21%
87 5.376 Zwijndrecht
21%
88 5.295 Beverwijk
20%
56 8.703 Culemborg
20%
77 6.244 Rotterdam Lombardijen
20%
86 5.410 Schagen
20%
76 6.252 Utrecht Vaartsche Rijn
19%
71 6.862 Heemstede-Aerdenhout
17%
96 4.662 Heiloo
17%
55 9.295 Naarden-Bussum
17%
98 4.581 Houten Castellum
16%
91 5.140 Bilthoven
14%
94 4.688 Alkmaar Noord
11%
66 7.283 Hilversum Sportpark
11%
93 5.117 Zandvoort aan Zee
11%
83 5.504 Krommenie-Assendelft
9%
90 5.158 Hoorn Kersenboogerd
8%
No matching quizzes found
Score Distribution
Percent of People with Each Score
Percentile by Number Answered
Your Score History
You have not taken this quiz